[Event "Buenos Aires FAOGBA op 2nd"]
[Site "Buenos Aires"]
[Date "2024.03.15"]
[Round "4"]
[White "Mareco, Sandro"]
[Black "Mussanti, Diego"]
[Result "1-0"]
[WhiteElo "2589"]
[BlackElo "2204"]
[PlyCount "57"]
[EventDate "2024.03.12"]
[EventType "swiss"]
[EventRounds "9"]
[EventCountry "ARG"]
[SourceTitle "CB13_2024"]
[SourceDate "2024.03.27"]
[SourceVersion "1"]
[SourceVersionDate "2024.03.27"]
[SourceQuality "1"]

1. e4 c5 2. Nf3 e6 3. d4 cxd4 4. Nxd4 Nc6 5. Nc3 d6 6. g4 a6 7. Be3 Nge7 8. Nb3 b5 9. Qe2 Na5 10. 0-0-0 Nxb3+ 11. axb3 Nc6 12. Kb1 Be7 13. f4 Bb7 14. g5 Nb4 15. Qf2 Rc8 16. Bb6 Qd7 17. Qd4 Qc6 18. Ba5 Nxc2 19. Qxg7 Rf8 20. Bd3 Qc5 21. Bxc2 b4 22. Bxb4 Qxb4 23. Rd4 Qc5 24. Rhd1 f6 25. b4 Qc7 26. Ba4+ Bc6 27. Rc4 Qb7 28. Rxc6 Rxc6 29. Rxd6 1-0

[Event "Montevideo Duchamp Cup 7th"]
[Site "Montevideo"]
[Date "2024.02.06"]
[Round "6"]
[White "Sepliarsky, Mario"]
[Black "Mussanti, Diego"]
[Result "0-1"]
[WhiteElo "2093"]
[BlackElo "2204"]
[PlyCount "92"]
[EventDate "2024.02.01"]
[EventType "swiss"]
[EventRounds "9"]
[EventCountry "URU"]
[SourceTitle "CB07_2024"]
[SourceDate "2024.02.14"]
[SourceVersion "1"]
[SourceVersionDate "2024.02.14"]
[SourceQuality "1"]

1. Nf3 d5 2. c4 e6 3. g3 Nf6 4. Bg2 d4 5. 0-0 c5 6. d3 Nc6 7. e3 Bd6 8. exd4 cxd4 9. Bg5 h6 10. Bxf6 Qxf6 11. Nbd2 Qe7 12. a3 a5 13. Re1 0-0 14. Rc1 a4 15. Qc2 Ra5 16. b4 axb3 17. Nxb3 Rxa3 18. Nfxd4 Nxd4 19. Nxd4 Bb4 20. Nb5 Bxe1 21. Nxa3 Bxf2+ 22. Kxf2 Qxa3 23. d4 Bd7 24. Qc3 Qa2+ 25. Rc2 Qa7 26. Qe3 Qa4 27. Rc1 Rc8 28. c5 Bc6 29. Bxc6 bxc6 30. Rc3 Rb8 31. Rd3 Qa1 32. Rd2 Qh1 33. Qf3 Qxh2+ 34. Qg2 Qxg2+ 35. Kxg2 Rb3 36. Ra2 Rd3 37. Ra6 Rxd4 38. Rxc6 Rc4 39. Rc7 f5 40. Kf3 e5 41. c6 Rc3+ 42. Kf2 f4 43. g4 e4 44. Re7 Rc2+ 45. Ke1 Rxc6 46. Rxe4 g5 0-1

[Event "Villa Ballester op 73rd"]
[Site "Buenos Aires"]
[Date "2024.01.27"]
[Round "8"]
[White "Mussanti, Diego"]
[Black "Lopez, Ricardo"]
[Result "1-0"]
[WhiteElo "2202"]
[BlackElo "1945"]
[PlyCount "63"]
[EventDate "2024.01.19"]
[EventType "swiss"]
[EventRounds "9"]
[EventCountry "ARG"]
[SourceTitle "CB06_2024"]
[SourceDate "2024.02.07"]
[SourceVersion "1"]
[SourceVersionDate "2024.02.07"]
[SourceQuality "1"]

1. e4 d5 2. exd5 Qxd5 3. Nc3 Qd8 4. d4 Nf6 5. Nf3 Bg4 6. h3 Bxf3 7. Qxf3 c6 8. Be3 e6 9. 0-0-0 Nbd7 10. g4 Bb4 11. g5 Nd5 12. Ne4 Nxe3 13. fxe3 f5 14. gxf6 Nxf6 15. Bc4 Qe7 16. Ng5 Nd5 17. Rhg1 0-0-0 18. e4 Nc7 19. a3 Ba5 20. Qg4 Kb8 21. Nxe6 Nxe6 22. Bxe6 h5 23. Qf5 Bb6 24. c3 Rhf8 25. Qe5+ Rd6 26. Bf5 Qxe5 27. dxe5 Rxd1+ 28. Rxd1 Rd8 29. Bd7 Be3+ 30. Kc2 Kc7 31. e6 Bg5 32. Rg1 1-0

[Event "Villa Ballester op 73rd"]
[Site "Buenos Aires"]
[Date "2024.01.26"]
[Round "7"]
[White "Fuentes, Agustin"]
[Black "Mussanti, Diego"]
[Result "1-0"]
[WhiteElo "1986"]
[BlackElo "2202"]
[PlyCount "97"]
[EventDate "2024.01.19"]
[EventType "swiss"]
[EventRounds "9"]
[EventCountry "ARG"]
[SourceTitle "CB06_2024"]
[SourceDate "2024.02.07"]
[SourceVersion "1"]
[SourceVersionDate "2024.02.07"]
[SourceQuality "1"]

1. e4 c5 2. Nf3 Nc6 3. d4 cxd4 4. Nxd4 e5 5. Nb5 d6 6. N1c3 a6 7. Na3 Be7 8. Nc4 Nf6 9. Bg5 Be6 10. Bxf6 Bxf6 11. Nxd6+ Kf8 12. Nc4 Qd4 13. Qe2 Bg5 14. Rd1 Qc5 15. Nd5 Nd4 16. Qd3 b5 17. c3 bxc4 18. cxd4 cxd3 19. dxc5 d2+ 20. Ke2 a5 21. h4 Bh6 22. Ne3 Bxa2 23. Rxd2 g6 24. Rc2 Bb1 25. Rc4 Rb8 26. Nd1 Rd8 27. Rh3 Kg7 28. c6 Ba2 29. Rc2 Rd4 30. Rhc3 Rxe4+ 31. Ne3 Be6 32. c7 Rc8 33. Kd1 Rd4+ 34. Rd2 Ra8 35. Bb5 Bc8 36. Ke2 Rxd2+ 37. Kxd2 Kf6 38. Rc5 Ra7 39. g4 Bxe3+ 40. Kxe3 h6 41. Ke4 a4 42. Bc4 a3 43. bxa3 Rxa3 44. g5+ hxg5 45. hxg5+ Kxg5 46. Kxe5 f5 47. Be6 Ba6 48. Rc6 Ra5+ 49. Kd6 1-0

[Event "Villa Ballester op 73rd"]
[Site "Buenos Aires"]
[Date "2024.01.20"]
[Round "3"]
[White "Fernandes, Martin"]
[Black "Mussanti, Diego"]
[Result "0-1"]
[WhiteElo "1999"]
[BlackElo "2202"]
[PlyCount "56"]
[EventDate "2024.01.19"]
[EventType "swiss"]
[EventRounds "9"]
[EventCountry "ARG"]
[SourceTitle "CB06_2024"]
[SourceDate "2024.02.07"]
[SourceVersion "1"]
[SourceVersionDate "2024.02.07"]
[SourceQuality "1"]

1. e4 c5 2. Nf3 e6 3. d4 cxd4 4. Nxd4 Nc6 5. Bc4 Nf6 6. f3 Bc5 7. Nb3 Bb6 8. Nc3 0-0 9. Bg5 h6 10. Bh4 Ne5 11. Qe2 Ng6 12. Bg3 d5 13. 0-0-0 Re8 14. f4 Bd7 15. Bd3 e5 16. f5 Nf4 17. Bxf4 exf4 18. Bb5 Bxb5 19. Qxb5 Nxe4 20. Nxe4 Rxe4 21. Rxd5 Qg5 22. Nd2 Qxg2 23. Rd1 Re2 24. Nc4 Rc8 25. c3 Rxc4 26. Qxc4 Rxb2 27. Qa4 Be3+ 28. R1d2 Rxd2 0-1

[Event "Wch Seniors 50 31st"]
[Site "Terassini"]
[Date "2023.11.02"]
[Round "8"]
[White "Mussanti, Diego"]
[Black "Mohr, Georg"]
[Result "0-1"]
[WhiteElo "2183"]
[BlackElo "2430"]
[PlyCount "154"]
[EventDate "2023.10.25"]
[EventType "swiss"]
[EventRounds "11"]
[EventCountry "ITA"]
[SourceTitle "Mega2024 Update 01"]
[Source "Chessbase"]
[SourceDate "2023.11.12"]
[SourceVersion "1"]
[SourceVersionDate "2023.11.12"]
[SourceQuality "1"]

1. e4 c5 2. Nf3 Nc6 3. d4 cxd4 4. Nxd4 g6 5. Nc3 Bg7 6. Be3 Nf6 7. Bc4 0-0 8. Bb3 Re8 9. f4 d6 10. Qf3 Na5 11. f5 Nxb3 12. axb3 a6 13. 0-0-0 Qa5 14. Kb1 e6 15. Rhf1 Bd7 16. g4 exf5 17. exf5 Nxg4 18. Bg1 Nf6 19. Qxb7 Rab8 20. Qf3 Rbc8 21. h4 Qd8 22. Nd5 Nxd5 23. Qxd5 Qe7 24. fxg6 hxg6 25. h5 Rc5 26. Qf3 Rxh5 27. Nc6 Qf8 28. Nb4 Rf5 29. Qb7 Rxf1 30. Rxf1 Bh3 31. Rc1 a5 32. Nc6 Bf5 33. Bd4 Be4 34. Bxg7 Kxg7 35. Qb6 Bxc6 36. Qxc6 Rc8 37. Qd5 Rc5 38. Qd4+ Re5 39. Rd1 Qe7 40. Ka2 Qf6 41. Qb6 d5 42. Qxa5 d4 43. Qd2 Rd5 44. Kb1 g5 45. Qh2 Rf5 46. Qe2 Rf4 47. b4 d3 48. Qxd3 Rxb4 49. c3 Rf4 50. Rh1 Rh4 51. Rxh4 gxh4 52. Ka2 Qe6+ 53. c4 Qg4 54. c5 h3 55. Qc3+ f6 56. Qd2 Kf7 57. Qc2 Qg2 58. Qc4+ Ke7 59. c6 h2 60. Qc5+ Kf7 61. Qh5+ Kg7 62. c7 Qa8+ 63. Kb3 Qb7+ 64. Ka3 Qa7+ 65. Kb3 Qxc7 66. Qg4+ Kf8 67. Qb4+ Kf7 68. Qe4 Qb6+ 69. Ka3 Qd6+ 70. b4 Qe5 71. Qh7+ Ke8 72. Qh8+ Ke7 73. Qh7+ Kd8 74. Qd3+ Kc7 75. Qc4+ Kb6 76. Qf1 Qd4 77. Qf3 Qa1+ 0-1

[Event "Wch Seniors 50 31st"]
[Site "Terassini"]
[Date "2023.11.01"]
[Round "7"]
[White "Vlassov, Nikolai"]
[Black "Mussanti, Diego"]
[Result "1-0"]
[WhiteElo "2283"]
[BlackElo "2183"]
[PlyCount "145"]
[EventDate "2023.10.25"]
[EventType "swiss"]
[EventRounds "11"]
[EventCountry "ITA"]
[SourceTitle "Mega2024 Update 01"]
[Source "Chessbase"]
[SourceDate "2023.11.12"]
[SourceVersion "1"]
[SourceVersionDate "2023.11.12"]
[SourceQuality "1"]

1. e4 c5 2. Nf3 e6 3. d4 cxd4 4. Nxd4 a6 5. Nc3 b5 6. Be3 Bb7 7. f3 Nc6 8. Nb3 d6 9. Qe2 Nf6 10. g4 Be7 11. g5 Nd7 12. h4 Na5 13. 0-0-0 Nc4 14. Bd4 0-0 15. Bh3 e5 16. Bf2 Ndb6 17. Nc5 Bc8 18. Nd3 Bxh3 19. Rxh3 a5 20. b3 b4 21. Nb1 Na3 22. Nxe5 Qc8 23. Ng4 a4 24. Nxa3 axb3 25. axb3 Rxa3 26. Rd3 Nd7 27. f4 Ra1+ 28. Kd2 Ra2 29. Qd1 Qa8 30. Rd5 Rc8 31. Bd4 Qc6 32. Ne3 Nb6 33. Bxb6 Qxb6 34. Rf3 Qa7 35. Qe2 Ra1 36. Rf1 g6 37. f5 Qa2 38. Rxa1 Qxa1 39. Qd1 Qc3+ 40. Ke2 Bf8 41. Qd4 Qc6 42. Qxb4 Qa6+ 43. Kf3 Qa1 44. Kg2 Rc3 45. Rd1 Rxc2+ 46. Kf3 Rc1 47. Qd2 Rxd1 48. Qxd1 Qc3 49. Ke2 Qe5 50. Kd3 Qg3 51. f6 Qxh4 52. Qg1 h6 53. b4 hxg5 54. b5 Qh3 55. Qg4 Qh1 56. Qd1 Qh3 57. Qb3 g4 58. b6 Bh6 59. Kd4 Bxe3+ 60. Qxe3 Qf1 61. Kd5 Qxf6 62. b7 Qe6+ 63. Kc6 d5+ 64. Kb5 Qe8+ 65. Kb6 Qd8+ 66. Ka6 Qf6+ 67. Qb6 Qa1+ 68. Qa5 Qf6+ 69. Ka7 Qe7 70. Ka8 Qxe4 71. b8Q+ Kg7 72. Qbd8 g3 73. Qaxd5 1-0

[Event "Villa Constitucion op"]
[Site "Villa Constitucion"]
[Date "2023.08.20"]
[Round "6"]
[White "Hungaski, Robert Andrew"]
[Black "Mussanti, Diego"]
[Result "1-0"]
[WhiteElo "2482"]
[BlackElo "2179"]
[PlyCount "55"]
[EventDate "2023.08.17"]
[EventType "swiss"]
[EventRounds "9"]
[EventCountry "ARG"]
[SourceTitle "EXT 2024"]
[Source "ChessBase"]
[SourceDate "2023.10.10"]
[SourceVersion "1"]
[SourceVersionDate "2023.10.10"]
[SourceQuality "1"]

1. d4 d5 2. c4 dxc4 3. Nf3 Nf6 4. e3 Bg4 5. Bxc4 e6 6. h3 Bh5 7. Nc3 Nc6 8. 0-0 Bd6 9. Be2 0-0 10. Bd2 a6 11. Rc1 Qe7 12. Na4 Ne4 13. Be1 Rfd8 14. Qc2 Ng5 15. Nxg5 Qxg5 16. f4 Qh6 17. Bf3 Bxf3 18. Rxf3 Rac8 19. Qb3 Rb8 20. Nc5 Bxc5 21. Rxc5 Qg6 22. f5 exf5 23. Rcxf5 Rd7 24. h4 Nd8 25. h5 Qc6 26. Bc3 Kh8 27. d5 Qh6 28. Re5 1-0

[Event "Pan American-ch Seniors 50"]
[Site "Lima"]
[Date "2023.04.29"]
[Round "6"]
[White "Lima, Darcy Gustavo Macha"]
[Black "Mussanti, Diego"]
[Result "1-0"]
[WhiteElo "2445"]
[BlackElo "2277"]
[PlyCount "50"]
[EventDate "2023.04.26"]
[EventType "swiss"]
[EventRounds "9"]
[EventCountry "PER"]
[SourceTitle "CBM 214 Extra"]
[Source "ChessBase"]
[SourceDate "2023.07.31"]
[SourceVersion "1"]
[SourceVersionDate "2023.07.31"]
[SourceQuality "1"]

1. d4 d5 2. Nf3 Nf6 3. g3 e6 4. Bg2 Be7 5. 0-0 0-0 6. c4 dxc4 7. Ne5 Nc6 8. Bxc6 bxc6 9. Nxc6 Qe8 10. Nxe7+ Qxe7 11. Qa4 c5 12. Qa3 e5 13. dxe5 Qxe5 14. Qe3 Qc7 15. Nc3 Be6 16. Qf4 Qc6 17. Rd1 Rfd8 18. Be3 Ng4 19. Qg5 Rdc8 20. Qf4 Rab8 21. f3 Nxe3 22. Qxe3 h6 23. Qd2 Rd8 24. Qc2 Qb6 25. Rxd8+ Rxd8 1-0

[Event "Pan American-ch Seniors 50"]
[Site "Lima"]
[Date "2023.04.28"]
[Round "5"]
[White "Daneri, Martin"]
[Black "Mussanti, Diego"]
[Result "0-1"]
[WhiteElo "2078"]
[BlackElo "2277"]
[PlyCount "60"]
[EventDate "2023.04.26"]
[EventType "swiss"]
[EventRounds "9"]
[EventCountry "PER"]
[SourceTitle "CBM 214 Extra"]
[Source "ChessBase"]
[SourceDate "2023.07.31"]
[SourceVersion "1"]
[SourceVersionDate "2023.07.31"]
[SourceQuality "1"]

1. d4 d5 2. Bf4 Nf6 3. e3 e6 4. Nd2 c5 5. Ngf3 Bd6 6. Bxd6 Qxd6 7. dxc5 Qxc5 8. c4 0-0 9. Rc1 Qe7 10. cxd5 Nxd5 11. Bc4 Nb6 12. Bb3 Nc6 13. 0-0 e5 14. Ne4 Rd8 15. Qe1 Bg4 16. Qc3 Bf5 17. Ng3 Bg6 18. Rfd1 Rac8 19. Rxd8+ Rxd8 20. Qc5 Kf8 21. h4 h6 22. h5 Bh7 23. e4 Qxc5 24. Rxc5 f6 25. Kf1 Nc8 26. Ke2 N8e7 27. a3 Rd6 28. Rc1 f5 29. exf5 Nxf5 30. Nxf5 Bxf5 0-1

[Event "Montevideo Duchamp Cup 6th"]
[Site "Montevideo"]
[Date "2023.02.10"]
[Round "8"]
[White "Mussanti, Diego"]
[Black "Elters, Antoine"]
[Result "0-1"]
[WhiteElo "2303"]
[BlackElo "2179"]
[PlyCount "132"]
[EventDate "2023.02.03"]
[EventType "swiss"]
[EventRounds "9"]
[EventCountry "URU"]
[SourceTitle "CBM 212 Extra"]
[Source "ChessBase"]
[SourceDate "2023.03.31"]
[SourceVersion "1"]
[SourceVersionDate "2023.03.31"]
[SourceQuality "1"]

1. e4 e5 2. Nf3 Nc6 3. d4 exd4 4. Nxd4 d6 5. Nc3 Nf6 6. Bb5 Bd7 7. Bxc6 bxc6 8. 0-0 Be7 9. Qf3 0-0 10. e5 Ng4 11. exd6 Bxd6 12. Bf4 Qf6 13. Nde2 Rfe8 14. Rad1 Ne5 15. Qg3 Bf5 16. Bg5 Qe6 17. Nd4 Qg6 18. Bf4 Bxc2 19. Qxg6 Nxg6 20. Nxc2 Nxf4 21. Ne3 Be5 22. Na4 Rad8 23. g3 Ne6 24. Kg2 Bd4 25. Nc4 Kf8 26. Rc1 c5 27. Nc3 g5 28. Rfe1 Rb8 29. Red1 f5 30. b3 a6 31. h3 Kg7 32. Na4 h5 33. Na5 Rbd8 34. Nb7 Rd5 35. Re1 Kf7 36. Na5 f4 37. Nc6 fxg3 38. fxg3 h4 39. Rf1+ Kg6 40. Rce1 hxg3 41. Kxg3 Rf5 42. Rxf5 Kxf5 43. Nxd4+ cxd4 44. Nc5 a5 45. Nd3 Ng7 46. Rf1+ Ke4 47. Nf2+ Kd5 48. Ng4 Nh5+ 49. Kg2 Re2+ 50. Nf2 Rxa2 51. Kf3 Rb2 52. Kg4 Nf6+ 53. Kf5 Nh5 54. Kxg5 Ng3 55. Rg1 Rxb3 56. h4 Rf3 57. Ng4 Ne4+ 58. Kh5 d3 59. Ra1 d2 60. Kg6 Rg3 61. Kf5 Rh3 62. Rxa5+ c5 63. Ra1 Rxh4 64. Ne3+ Kd4 65. Nd1 Rh1 66. Kf4 Rf1+ 0-1

[Event "Montevideo Duchamp Cup 6th"]
[Site "Montevideo"]
[Date "2023.02.09"]
[Round "7"]
[White "Larrea, Manuel"]
[Black "Mussanti, Diego"]
[Result "1-0"]
[WhiteElo "2291"]
[BlackElo "2303"]
[PlyCount "53"]
[EventDate "2023.02.03"]
[EventType "swiss"]
[EventRounds "9"]
[EventCountry "URU"]
[SourceTitle "CBM 212 Extra"]
[Source "ChessBase"]
[SourceDate "2023.03.31"]
[SourceVersion "1"]
[SourceVersionDate "2023.03.31"]
[SourceQuality "1"]

1. e4 c5 2. Nf3 e6 3. c3 d5 4. exd5 Qxd5 5. d4 Nf6 6. a3 Nc6 7. Be3 cxd4 8. cxd4 Be7 9. Nc3 Qd6 10. Bd3 0-0 11. 0-0 b6 12. Qe2 Bb7 13. Rad1 Rad8 14. Rfe1 Rfe8 15. Bb1 Qb8 16. Ng5 g6 17. Ba2 Rf8 18. Nxe6 fxe6 19. Bxe6+ Kg7 20. d5 Bd6 21. dxc6 Bxh2+ 22. Kh1 Bxc6 23. Qc4 Qb7 24. Kxh2 Bxg2 25. Qh4 h5 26. Rxd8 Rxd8 27. Qg5 1-0

[Event "Montevideo Duchamp Cup 6th"]
[Site "Montevideo"]
[Date "2023.02.07"]
[Round "5"]
[White "Matsuura, Everaldo"]
[Black "Mussanti, Diego"]
[Result "1/2-1/2"]
[WhiteElo "2417"]
[BlackElo "2303"]
[PlyCount "53"]
[EventDate "2023.02.03"]
[EventType "swiss"]
[EventRounds "9"]
[EventCountry "URU"]
[SourceTitle "CBM 212 Extra"]
[Source "ChessBase"]
[SourceDate "2023.03.31"]
[SourceVersion "1"]
[SourceVersionDate "2023.03.31"]
[SourceQuality "1"]

1. d4 d5 2. c4 dxc4 3. Nf3 Nf6 4. e3 e6 5. Bxc4 c5 6. 0-0 a6 7. Bb3 b5 8. a4 Bb7 9. axb5 axb5 10. Rxa8 Bxa8 11. dxc5 Qxd1 12. Rxd1 Bxc5 13. Nc3 Nbd7 14. Nxb5 Ke7 15. Nc3 Rb8 16. Bc2 Nb6 17. Ne5 Bd6 18. Nd3 Nc4 19. f3 Nd7 20. Kf2 Nc5 21. Nxc5 Bxc5 22. Na4 Bd6 23. Bd3 Na5 24. Nc3 Nb3 25. Bd2 Nc5 26. Bc1 Nb3 27. Bd2 1/2-1/2

[Event "Santa Fe Perez op"]
[Site "Santa Fe"]
[Date "2023.01.29"]
[Round "6"]
[White "Mizzau, Pablo"]
[Black "Mussanti, Diego"]
[Result "1/2-1/2"]
[WhiteElo "2119"]
[BlackElo "2305"]
[PlyCount "55"]
[EventDate "2023.01.26"]
[EventType "swiss"]
[EventRounds "7"]
[EventCountry "ARG"]
[SourceTitle "CBM 212 Extra"]
[Source "ChessBase"]
[SourceDate "2023.03.31"]
[SourceVersion "1"]
[SourceVersionDate "2023.03.31"]
[SourceQuality "1"]

1. e4 c5 2. Nf3 e6 3. d4 cxd4 4. Nxd4 Nf6 5. Nc3 d6 6. Be3 a6 7. Bd3 b5 8. 0-0 Bb7 9. a3 Be7 10. f4 Qc7 11. Qf3 Nbd7 12. Qg3 g6 13. Rae1 Nc5 14. Bd2 Qb6 15. Kh1 h5 16. Nf3 0-0-0 17. Ng5 Rdf8 18. Be3 Ng4 19. Bd4 Bf6 20. Bxf6 Nxf6 21. b4 Ncd7 22. e5 Ng4 23. exd6 Qxd6 24. Be4 Ndf6 25. Rd1 Qc7 26. Bxb7+ Qxb7 27. Rd3 Rd8 28. Rfd1 1/2-1/2

[Event "Santa Fe Litoral op 2nd"]
[Site "Santa Fe"]
[Date "2022.11.12"]
[Round "5"]
[White "Bonjorn, Pablo"]
[Black "Mussanti, Diego"]
[Result "0-1"]
[WhiteElo "1853"]
[BlackElo "2238"]
[PlyCount "88"]
[EventDate "2022.11.10"]
[EventType "swiss"]
[EventRounds "7"]
[EventCountry "ARG"]
[SourceTitle "CBM 211 Extra"]
[Source "ChessBase"]
[SourceDate "2023.01.31"]
[SourceVersion "1"]
[SourceVersionDate "2023.01.31"]
[SourceQuality "1"]

1. c4 e6 2. g3 d5 3. Bg2 dxc4 4. Qa4+ Nd7 5. Qxc4 Ngf6 6. Nf3 a6 7. 0-0 b5 8. Qc2 Bb7 9. d3 Be7 10. b3 c5 11. Bb2 0-0 12. Nbd2 Rc8 13. a4 Qb6 14. Ne5 Bxg2 15. Kxg2 Nxe5 16. Bxe5 Nd5 17. axb5 axb5 18. Kg1 Nb4 19. Qb2 f6 20. Bf4 Nd5 21. Nf3 Nxf4 22. gxf4 Bd6 23. Qd2 Qc7 24. Qa5 Qc6 25. Qa6 Bxf4 26. Qxc6 Rxc6 27. e3 Bc7 28. Rfc1 e5 29. d4 Bd6 30. Rc2 e4 31. Nd2 f5 32. Ra5 Rb8 33. Ra7 Rbc8 34. d5 R6c7 35. Ra6 Bf8 36. Rb6 Rd7 37. Rxb5 Rxd5 38. Kg2 Rcd8 39. Nc4 Rd1 40. Nb2 Rb1 41. Na4 Rd6 42. f3 Rg6+ 43. Kf2 Rh1 44. Re2 Rhg1 0-1

[Event "Rio Grande op 22nd"]
[Site "Rio Grande"]
[Date "2022.10.21"]
[Round "6"]
[White "Mussanti, Diego"]
[Black "Gonzalez Culi, Diego"]
[Result "1-0"]
[WhiteElo "2166"]
[BlackElo "2111"]
[PlyCount "89"]
[EventDate "2022.10.19"]
[EventType "swiss"]
[EventRounds "7"]
[EventCountry "ARG"]
[SourceTitle "EXT 2024"]
[Source "ChessBase"]
[SourceDate "2023.10.10"]
[SourceVersion "1"]
[SourceVersionDate "2023.10.10"]
[SourceQuality "1"]

1. e4 e5 2. Nf3 Nc6 3. d4 exd4 4. Nxd4 Nf6 5. Nxc6 bxc6 6. e5 Qe7 7. Qe2 Nd5 8. c4 Ba6 9. b3 g6 10. f4 Bg7 11. Qf2 Nf6 12. Be2 Ne4 13. Qe3 f5 14. Ba3 Qe6 15. Nd2 Nxd2 16. Qxd2 Bb7 17. Qa5 0-0-0 18. 0-0 g5 19. Qxa7 gxf4 20. c5 d5 21. Rae1 Qxe5 22. Bh5 Qd4+ 23. Kh1 Rhf8 24. Bc1 f3 25. Bxf3 Rde8 26. Rd1 Qb4 27. g3 Re3 28. Bg2 Re2 29. Bf4 Bd4 30. Rc1 Kd7 31. Rfd1 Ra8 32. Rxd4 Re1+ 33. Bf1 Qxd4 34. Qxb7 Qe4+ 35. Kg1 Rc8 36. Rxe1 Qxe1 37. Kg2 Qe4+ 38. Kh3 Qe8 39. Ba6 Rd8 40. Qxc7+ Ke6 41. Qe5+ Kf7 42. Qxf5+ Kg8 43. Bd3 Rd7 44. Be5 Rf7 45. Qg4+ 1-0

[Event "Rio Grande op 22nd"]
[Site "Rio Grande"]
[Date "2022.10.20"]
[Round "3"]
[White "Guerrero, Alvaro"]
[Black "Mussanti, Diego"]
[Result "0-1"]
[WhiteElo "2073"]
[BlackElo "2166"]
[PlyCount "63"]
[EventDate "2022.10.19"]
[EventType "swiss"]
[EventRounds "7"]
[EventCountry "ARG"]
[SourceTitle "EXT 2024"]
[Source "ChessBase"]
[SourceDate "2023.10.10"]
[SourceVersion "1"]
[SourceVersionDate "2023.10.10"]
[SourceQuality "1"]

1. e4 c5 2. d3 Nc6 3. Nf3 Nf6 4. g3 d5 5. Nbd2 g6 6. Bg2 Bg7 7. 0-0 Bg4 8. c3 dxe4 9. dxe4 0-0 10. h3 Be6 11. Qe2 h6 12. Kh2 Qc8 13. Ne1 Ne8 14. f4 Nd6 15. e5 Nf5 16. Ne4 h5 17. Nxc5 h4 18. gxh4 Nxe5 19. Qf2 Nc6 20. Nxe6 Qxe6 21. Nf3 Rad8 22. Ng5 Qd6 23. Ne4 Qc7 24. Be3 e5 25. Kh1 Rfe8 26. Rae1 Nxe3 27. Rxe3 exf4 28. Re2 Na5 29. Qxa7 Nc4 30. Ref2 Re7 31. Qc5 Qxc5 32. Nxc5 0-1

[Event "Rio Grande op 22nd"]
[Site "Rio Grande"]
[Date "2022.10.19"]
[Round "1"]
[White "Barrozo, Cristian"]
[Black "Mussanti, Diego"]
[Result "0-1"]
[WhiteElo "1721"]
[BlackElo "2166"]
[PlyCount "26"]
[EventDate "2022.10.19"]
[EventType "swiss"]
[EventRounds "7"]
[EventCountry "ARG"]
[SourceTitle "EXT 2024"]
[Source "ChessBase"]
[SourceDate "2023.10.10"]
[SourceVersion "1"]
[SourceVersionDate "2023.10.10"]
[SourceQuality "1"]

1. d4 d5 2. c4 dxc4 3. Nc3 a6 4. Qa4+ b5 5. Qd1 Nf6 6. e4 e6 7. a3 Bb7 8. Bg5 h6 9. Bxf6 Qxf6 10. g3 c5 11. dxc5 Bxc5 12. Nh3 Bd4 13. Qc2 Qf3 0-1

[Event "Parana Dos Orillas op"]
[Site "Parana"]
[Date "2022.10.01"]
[Round "3"]
[White "Mussanti, Diego"]
[Black "Pigatto, Rodolfo Luis"]
[Result "1-0"]
[WhiteElo "2193"]
[BlackElo "1780"]
[PlyCount "49"]
[EventDate "2022.09.30"]
[EventType "swiss"]
[EventRounds "6"]
[EventCountry "ARG"]
[SourceTitle "EXT 2023"]
[Source "ChessBase"]
[SourceDate "2022.10.05"]
[SourceVersion "1"]
[SourceVersionDate "2022.10.05"]
[SourceQuality "1"]

1. e4 c5 2. Nf3 Nc6 3. d4 cxd4 4. Nxd4 e5 5. Nb5 d6 6. c4 Be7 7. N1c3 Be6 8. Nd5 Bxd5 9. cxd5 Nb8 10. Qc2 Na6 11. Be3 Nf6 12. Bd3 Ng4 13. Bd2 0-0 14. b4 Qd7 15. 0-0 Rfc8 16. Qd1 Nf6 17. a4 h6 18. Qe2 Nh7 19. Rfb1 Bg5 20. Be3 g6 21. Nxa7 Rf8 22. Bxa6 bxa6 23. Nc6 f5 24. f3 Qg7 25. b5 1-0

[Event "Parana Dos Orillas op"]
[Site "Parana"]
[Date "2022.09.30"]
[Round "1"]
[White "Mussanti, Diego"]
[Black "Carranza, Sergio"]
[Result "1-0"]
[WhiteElo "2193"]
[BlackElo "1605"]
[PlyCount "65"]
[EventDate "2022.09.30"]
[EventType "swiss"]
[EventRounds "6"]
[EventCountry "ARG"]
[SourceTitle "EXT 2023"]
[Source "ChessBase"]
[SourceDate "2022.10.05"]
[SourceVersion "1"]
[SourceVersionDate "2022.10.05"]
[SourceQuality "1"]

1. e4 g6 2. d4 Bg7 3. Nc3 c6 4. f4 d5 5. e5 h5 6. Nf3 Bg4 7. Bd3 e6 8. Be3 Ne7 9. h3 Bxf3 10. Qxf3 Nf5 11. Bf2 Nd7 12. g4 Nh4 13. Qg3 g5 14. fxg5 hxg4 15. Qxg4 Qxg5 16. Qxg5 Nf3+ 17. Ke2 Nxg5 18. Rag1 Bh6 19. Be3 Ne4 20. Bxe4 Bxe3 21. Kxe3 dxe4 22. Nxe4 Rb8 23. Nd6+ Ke7 24. Rg7 c5 25. Rxf7+ Kd8 26. dxc5 Nxe5 27. Nxb7+ Ke8 28. Nd6+ Kd8 29. Rxa7 Nc6 30. Rg7 Rh4 31. Rf1 Rxh3+ 32. Kd2 Ne7 33. Rf8+ 1-0

[Event "General Pico Anconetani Memorial 5th"]
[Site "General Pico"]
[Date "2022.08.27"]
[Round "3"]
[White "Burastero, Santiago"]
[Black "Mussanti, Diego"]
[Result "0-1"]
[WhiteElo "1554"]
[BlackElo "2228"]
[PlyCount "60"]
[EventDate "2022.08.26"]
[EventType "swiss"]
[EventRounds "7"]
[EventCountry "ARG"]
[SourceTitle "EXT 2023"]
[Source "ChessBase"]
[SourceDate "2022.10.05"]
[SourceVersion "1"]
[SourceVersionDate "2022.10.05"]
[SourceQuality "1"]

1. d4 d5 2. c4 dxc4 3. e4 e5 4. Nf3 exd4 5. Bxc4 Bb4+ 6. Bd2 Bxd2+ 7. Nbxd2 Qf6 8. e5 Qg6 9. Nh4 Qg4 10. Qxg4 Bxg4 11. Rc1 Nc6 12. 0-0 Nge7 13. f4 Be6 14. Bb5 0-0-0 15. f5 Bd5 16. f6 gxf6 17. exf6 Ng6 18. Nf5 Rhe8 19. Rfe1 Re6 20. Rxe6 fxe6 21. Nh6 Rf8 22. Rf1 a6 23. Bxc6 bxc6 24. Nb3 Bxb3 25. axb3 e5 26. Nf5 Kd7 27. Ng3 Ke6 28. Ne4 Kd5 29. Ng5 h6 30. Nh7 Rf7 0-1

[Event "General Pico Anconetani Memorial 5th"]
[Site "General Pico"]
[Date "2022.08.27"]
[Round "5"]
[White "Mussanti, Diego"]
[Black "Wisniacki, Flavio"]
[Result "1/2-1/2"]
[WhiteElo "2228"]
[BlackElo "2144"]
[PlyCount "70"]
[EventDate "2022.08.26"]
[EventType "swiss"]
[EventRounds "7"]
[EventCountry "ARG"]
[SourceTitle "EXT 2023"]
[Source "ChessBase"]
[SourceDate "2022.10.05"]
[SourceVersion "1"]
[SourceVersionDate "2022.10.05"]
[SourceQuality "1"]

1. e4 d6 2. d4 Nf6 3. Nc3 g6 4. Nf3 Bg7 5. Be3 c6 6. Qd2 b5 7. a3 Nbd7 8. Bh6 Bxh6 9. Qxh6 e5 10. 0-0-0 Qe7 11. dxe5 dxe5 12. Bxb5 cxb5 13. Nxb5 Qc5 14. Nd6+ Ke7 15. Rd2 Rf8 16. Rhd1 Nb6 17. Qg5 h6 18. Qxh6 Bg4 19. Qg5 Bxf3 20. gxf3 Rh8 21. f4 Rh5 22. Qg3 exf4 23. Qxf4 Qg5 24. Qf3 Qg4 25. Qc3 Qe6 26. Kb1 Kf8 27. f4 Kg8 28. f5 Qe7 29. e5 Nfd7 30. Nxf7 gxf5 31. e6 Nf6 32. Qg3+ Kh7 33. Ng5+ Kh6 34. Nf7+ Kh7 35. Ng5+ Kh6 1/2-1/2